000 00472nam a2200169 a 4500
001 000032694
005 20200930065800.0
008 100222s1936 dr 001 0 spa d
040 _aDO-SdBNP
_bspa
_cBNPHU
082 _axxxx
_bR426l
110 1 _aRepública Dominicana
_9447
240 1 3 _a[Leyes etc.]
245 1 0 _aLey de policia .
260 _aSanto Domingo :
_bCongreso Nacional de la República Dominicana,
_c[19--].
300 _a126 p. ;
_c24 cm.
049 _aBNPD
999 _c32185
_d32185